<?xml version="1.0" encoding="UTF-8"?><marc:collection xmlns:marc="http://www.loc.gov/MARC21/slim">
  <marc:record>
    <marc:leader>00000nam##2200000za#4500</marc:leader>
    <marc:controlfield tag="001">9.533978</marc:controlfield>
    <marc:controlfield tag="003">CaOODSP</marc:controlfield>
    <marc:controlfield tag="005">20220623092431</marc:controlfield>
    <marc:controlfield tag="007">ta</marc:controlfield>
    <marc:controlfield tag="008">150406|2000||||xxc|||||     f|0| 0 eng|d</marc:controlfield>
    <marc:datafield tag="020" ind1=" " ind2=" ">
      <marc:subfield code="a">0-662-65094-8</marc:subfield>
    </marc:datafield>
    <marc:datafield tag="040" ind1=" " ind2=" ">
      <marc:subfield code="a">CaOODSP</marc:subfield>
      <marc:subfield code="b">eng</marc:subfield>
    </marc:datafield>
    <marc:datafield tag="041" ind1=" " ind2=" ">
      <marc:subfield code="a">eng</marc:subfield>
    </marc:datafield>
    <marc:datafield tag="041" ind1=" " ind2=" ">
      <marc:subfield code="a">fre</marc:subfield>
    </marc:datafield>
    <marc:datafield tag="043" ind1=" " ind2=" ">
      <marc:subfield code="a">n-cn---</marc:subfield>
    </marc:datafield>
    <marc:datafield tag="086" ind1="1" ind2=" ">
      <marc:subfield code="a">C21-23/26-2000</marc:subfield>
    </marc:datafield>
    <marc:datafield tag="110" ind1="1" ind2=" ">
      <marc:subfield code="a">Canada. </marc:subfield>
      <marc:subfield code="b">Industry Canada.</marc:subfield>
    </marc:datafield>
    <marc:datafield tag="245" ind1="1" ind2="0">
      <marc:subfield code="a">SMEs, exports and job creation : </marc:subfield>
      <marc:subfield code="b">a firm-level analysis / </marc:subfield>
      <marc:subfield code="c">by Élisabeth Lefebvre and Louis A. Lefebvre. </marc:subfield>
    </marc:datafield>
    <marc:datafield tag="260" ind1=" " ind2=" ">
      <marc:subfield code="a">Ottawa - Ontario : </marc:subfield>
      <marc:subfield code="b">Industry Canada </marc:subfield>
      <marc:subfield code="c">2000.</marc:subfield>
    </marc:datafield>
    <marc:datafield tag="300" ind1=" " ind2=" ">
      <marc:subfield code="a">English text, 61p. : </marc:subfield>
      <marc:subfield code="b">tables ; </marc:subfield>
      <marc:subfield code="c">23 cm.</marc:subfield>
    </marc:datafield>
    <marc:datafield tag="490" ind1="1" ind2=" ">
      <marc:subfield code="a">Occasional paper</marc:subfield>
      <marc:subfield code="v">26</marc:subfield>
    </marc:datafield>
    <marc:datafield tag="500" ind1=" " ind2=" ">
      <marc:subfield code="a">"The paper examines (i) the role and importance of innovative capabilities (on both the technological and commercial dimensions) as determinants of export performance and behaviour and (ii) the link between exports and job creation."--Abstract.</marc:subfield>
    </marc:datafield>
    <marc:datafield tag="504" ind1=" " ind2=" ">
      <marc:subfield code="a">Bibliography.</marc:subfield>
    </marc:datafield>
    <marc:datafield tag="520" ind1="3" ind2=" ">
      <marc:subfield code="a">The paper examines (i) the role and importance of innovative capabilities (on both the technological and commercial dimensions) as determinants of export performance and behaviour and (ii) the link between exports and job creation.--Abstract</marc:subfield>
    </marc:datafield>
    <marc:datafield tag="546" ind1=" " ind2=" ">
      <marc:subfield code="a">Bilingual</marc:subfield>
    </marc:datafield>
    <marc:datafield tag="563" ind1=" " ind2=" ">
      <marc:subfield code="a">Softcover</marc:subfield>
    </marc:datafield>
    <marc:datafield tag="590" ind1=" " ind2=" ">
      <marc:subfield code="a">01-17</marc:subfield>
      <marc:subfield code="b">2001-04-27</marc:subfield>
    </marc:datafield>
    <marc:datafield tag="690" ind1="0" ind2="7">
      <marc:subfield code="a">Small businesses</marc:subfield>
      <marc:subfield code="2">gcpds</marc:subfield>
    </marc:datafield>
    <marc:datafield tag="690" ind1="0" ind2="7">
      <marc:subfield code="a">Job creation</marc:subfield>
      <marc:subfield code="2">gcpds</marc:subfield>
    </marc:datafield>
    <marc:datafield tag="690" ind1="0" ind2="7">
      <marc:subfield code="a">Technological innovation</marc:subfield>
      <marc:subfield code="2">gcpds</marc:subfield>
    </marc:datafield>
    <marc:datafield tag="690" ind1="0" ind2="7">
      <marc:subfield code="a">Information technology</marc:subfield>
      <marc:subfield code="2">gcpds</marc:subfield>
    </marc:datafield>
    <marc:datafield tag="720" ind1="1" ind2=" ">
      <marc:subfield code="a">Lefebvre, Élisabeth</marc:subfield>
    </marc:datafield>
    <marc:datafield tag="720" ind1="1" ind2=" ">
      <marc:subfield code="a">Lefebvre, Louis</marc:subfield>
    </marc:datafield>
    <marc:datafield tag="776" ind1="0" ind2="#">
      <marc:subfield code="t">SMEs, exports and job creation - a firm-level analysis : </marc:subfield>
      <marc:subfield code="w">(CaOODSP)9.570624</marc:subfield>
    </marc:datafield>
    <marc:datafield tag="776" ind1="0" ind2="#">
      <marc:subfield code="t">Les PME, l'exportation et la création d'emploi : une analyse au niveau de l'entreprise : </marc:subfield>
      <marc:subfield code="w">(CaOODSP)9.601272</marc:subfield>
    </marc:datafield>
    <marc:datafield tag="792" ind1=" " ind2=" ">
      <marc:subfield code="t">Les PME, l'exportation et la création d'emploi : </marc:subfield>
      <marc:subfield code="e">fre</marc:subfield>
      <marc:subfield code="w">(CaOODSP)9.533979</marc:subfield>
    </marc:datafield>
    <marc:datafield tag="830" ind1="#" ind2="0">
      <marc:subfield code="a">Occasional paper (Canada. Industry Canada)</marc:subfield>
      <marc:subfield code="v">26</marc:subfield>
      <marc:subfield code="w">(CaOODSP)9.509050</marc:subfield>
    </marc:datafield>
  </marc:record>
</marc:collection>
